[Event "Festival A"]
[Site "Formia ITA"]
[Date "1994.07.16"]
[Round "1"]
[White "Zelcic, Robert"]
[Black "Picardi, Angelo"]
[Result "1-0"]
[WhiteElo "2485"]
[BlackElo "2123"]
[PlyCount "61"]
[EventDate "1994.07.16"]

1. e4 c5 2. Nf3 d6 3. d4 cxd4 4. Nxd4 Nf6 5. Nc3 g6 6. Bc4 Bg7 7. O-O O-O 8. h3
Nc6 9. Re1 a6 10. Bg5 Qa5 11. Nd5 Nxd4 12. Bxf6 exf6 13. Qxd4 Qc5 14. Qxc5 dxc5
15. Nb6 Rb8 16. Rad1 f5 17. e5 f4 18. e6 Bxe6 19. Bxe6 fxe6 20. Nd7 Rbe8 21.
Nxf8 Kxf8 22. Rd7 Re7 23. Rxe7 Kxe7 24. Kf1 b5 25. c3 a5 26. a4 b4 27. cxb4
cxb4 28. b3 Bd4 29. Ke2 Kd6 30. Rc1 Bc3 31. Rd1+ 1-0

[Event "Festival A"]
[Site "Formia ITA"]
[Date "1994.07.17"]
[Round "2"]
[White "Accardo, Francesco"]
[Black "Kovacevic, Slobodan"]
[Result "0-1"]
[WhiteElo "1991"]
[BlackElo "2380"]
[PlyCount "76"]
[EventDate "1994.07.16"]

1. e4 c5 2. Nc3 Nc6 3. f4 e6 4. Nf3 a6 5. d3 d6 6. Be3 Nf6 7. Be2 Be7 8. O-O
O-O 9. Kh1 b5 10. Qe1 d5 11. Bd2 b4 12. Na4 dxe4 13. Ng5 exd3 14. Bxd3 Bd7 15.
Be3 Nd4 16. b3 Bc6 17. Bxd4 cxd4 18. Nxe6 Qd5 19. Qg3 Qxe6 20. Rae1 Qd6 21. Nb6
Ra7 22. Nc4 Qc7 23. Re5 h6 24. Rfe1 Bd6 25. Rf5 Nd5 26. Ne5 Bxe5 27. fxe5 Ne3
28. Rf6 Re8 29. Rxh6 Bxg2+ 30. Kg1 Qxe5 31. Qxe5 Rxe5 32. Rd6 Rd5 33. Rb6 g6
34. Rxe3 dxe3 35. Kxg2 a5 36. Kf3 Re7 37. Ke2 Rg5 38. Rb8+ Kg7 0-1

[Event "Festival A"]
[Site "Formia ITA"]
[Date "1994.07.17"]
[Round "2"]
[White "Bacrot, Etienne"]
[Black "Foisor, Ovidiu-Doru"]
[Result "1/2-1/2"]
[WhiteElo "2300"]
[BlackElo "2440"]
[PlyCount "135"]
[EventDate "1994.07.16"]

1. g3 g6 2. Bg2 Bg7 3. d4 c5 4. c3 Na6 5. Nf3 Nf6 6. O-O O-O 7. b3 d5 8. Nbd2
b6 9. Bb2 Bb7 10. Rc1 e6 11. e3 Qe7 12. Qc2 Rac8 13. Qb1 Ne4 14. Nxe4 dxe4 15.
Nd2 f5 16. f3 exf3 17. Bxf3 Bh6 18. Kf2 cxd4 19. cxd4 Bxf3 20. Nxf3 Nc7 21. Bc3
Nd5 22. Bd2 Nf6 23. Rxc8 Rxc8 24. Rc1 Qb7 25. Rxc8+ Qxc8 26. Qc1 Qxc1 27. Bxc1
Kf7 28. Ne5+ Ke8 29. a4 Bf8 30. Ke2 Bd6 31. Nf3 Kd7 32. Kd3 Kc6 33. Bd2 a6 34.
Kc4 b5+ 35. axb5+ axb5+ 36. Kd3 Kd5 37. Be1 Ne4 38. Nd2 Nxd2 39. Bxd2 g5 40.
Be1 g4 41. Ba5 h5 42. Bd8 e5 43. dxe5 Bxe5 44. Bg5 Bd6 45. Bf6 Ke6 46. Bg5 Bc5
47. Bd8 Kd5 48. Bg5 Bb4 49. Bd8 Ba3 50. Bg5 Bf8 51. Bf6 Bd6 52. Bd4 Be7 53. Bb6
h4 54. gxh4 Bxh4 55. Bc7 Bf6 56. Bg3 Bb2 57. Bf4 Be5 58. Bg3 Bxg3 59. hxg3 Ke5
60. Ke2 Ke6 61. Kd2 Kd6 62. Kc3 Ke5 63. Kd3 Kd5 64. b4 Ke5 65. Kd2 Ke6 66. Kc3
Ke5 67. Kd2 Kd6 68. Kc3 1/2-1/2

[Event "Festival A"]
[Site "Formia ITA"]
[Date "1994.07.17"]
[Round "2"]
[White "Bevilacqua, Roberto"]
[Black "Dizdarevic, Emir"]
[Result "0-1"]
[WhiteElo "2054"]
[BlackElo "2495"]
[PlyCount "72"]
[EventDate "1994.07.16"]

1. Nf3 g6 2. g3 Bg7 3. Bg2 c5 4. c4 Nc6 5. Nc3 a6 6. O-O Rb8 7. a4 Nh6 8. Rb1
Nf5 9. d3 d6 10. e4 Nfd4 11. Nxd4 Nxd4 12. Ne2 Bg4 13. f3 Bd7 14. b3 b5 15.
axb5 axb5 16. Bb2 bxc4 17. Bxd4 cxd4 18. dxc4 h5 19. h3 O-O 20. Kh1 Qb6 21. Nf4
Rfc8 22. g4 Qa5 23. Qe1 Qg5 24. Nd5 e6 25. h4 Qd8 26. Nf4 Ra8 27. Bh3 hxg4 28.
Bxg4 Ra2 29. Nd3 Bf6 30. h5 Bh4 31. Qc1 Bg3 32. Nf2 Rxf2 33. Rxf2 Qh4+ 34. Kg1
Bxf2+ 35. Kf1 Be3 36. Qc2 gxh5 0-1

[Event "Festival A"]
[Site "Formia ITA"]
[Date "1994.07.17"]
[Round "2"]
[White "Canelli, Daniele"]
[Black "Lanzani, Mario"]
[Result "0-1"]
[WhiteElo "1938"]
[BlackElo "2320"]
[PlyCount "98"]
[EventDate "1994.07.16"]

1. d4 d5 2. c4 c6 3. Nf3 e6 4. Nc3 dxc4 5. e4 b5 6. d5 b4 7. dxe6 Bxe6 8. Qxd8+
Kxd8 9. Ne2 f6 10. Ned4 Bf7 11. Bf4 c5 12. Nb5 Nd7 13. O-O-O Rc8 14. Bd6 Ne7
15. Nxa7 Ra8 16. Bxc5 Kc7 17. Be3 Nc6 18. Nb5+ Kc8 19. Kb1 c3 20. b3 Be7 21.
Nbd4 Bg6 22. Nxc6 Bxe4+ 23. Bd3 Bxc6 24. Rhe1 g6 25. Re2 Nc5 26. Bxc5 Bxc5 27.
Ne1 Kc7 28. Bc2 Rhe8 29. Rxe8 Rxe8 30. Nd3 Bd6 31. Re1 Rxe1+ 32. Nxe1 Bxh2 33.
g3 Bg1 34. Nd3 f5 35. Kc1 Be4 36. Nxb4 Bxc2 37. Kxc2 Bxf2 38. Nd5+ Kd6 39. Nxc3
Bxg3 40. Kd3 g5 41. a4 h5 42. Ke2 Kc5 43. Kf3 Be5 44. Na2 g4+ 45. Kg2 h4 46.
b4+ Kc4 47. Nc1 f4 48. a5 f3+ 49. Kh1 g3 0-1

[Event "Festival A"]
[Site "Formia ITA"]
[Date "1994.07.17"]
[Round "2"]
[White "Cialdea, Alberto"]
[Black "Bartolini, Tommaso"]
[Result "0-1"]
[WhiteElo "1900"]
[BlackElo "2090"]
[PlyCount "96"]
[EventDate "1994.07.16"]

1. e4 c5 2. Nf3 Nc6 3. d4 cxd4 4. Nxd4 e5 5. Nb5 d6 6. c4 Be7 7. N1c3 a6 8. Na3
Be6 9. Be3 Bg5 10. Nc2 Bxe3 11. Nxe3 Nd4 12. Be2 Rc8 13. O-O Nf6 14. Rc1 O-O
15. b3 Qa5 16. f4 Nxe2+ 17. Qxe2 exf4 18. Rxf4 Qe5 19. g3 b5 20. Ncd5 Bxd5 21.
exd5 Nxd5 22. Rf3 bxc4 23. bxc4 Rfe8 24. Re1 Nxe3 25. Rxe3 Qxe3+ 26. Qxe3 Rxe3
27. Rxe3 Kf8 28. Re4 Rc5 29. Kf2 Ra5 30. Re2 Ra3 31. Rc2 Ke7 32. Ke2 Ke6 33.
Ke1 h5 34. c5 dxc5 35. Rxc5 h4 36. Rc2 hxg3 37. hxg3 Kf5 38. Kf2 Kg4 39. Rc4+
Kg5 40. Rc2 f5 41. Rd2 Kh5 42. Rc2 g5 43. Kg2 Kg4 44. Kh2 Rxg3 45. Rc4+ f4 46.
Ra4 Rc3 47. Rxa6 Rc2+ 48. Kg1 Kg3 0-1

[Event "Festival A"]
[Site "Formia ITA"]
[Date "1994.07.17"]
[Round "2"]
[White "Djuric, Stefan"]
[Black "Loeffler, Stefan"]
[Result "1-0"]
[WhiteElo "2485"]
[BlackElo "2420"]
[PlyCount "123"]
[EventDate "1994.07.16"]

1. e4 Nf6 2. e5 Nd5 3. d4 d6 4. Bc4 Nb6 5. Bb3 dxe5 6. Qh5 e6 7. dxe5 a5 8. a4
Na6 9. Nc3 Nc5 10. Bg5 Be7 11. Rd1 Bd7 12. h4 O-O 13. Nf3 Nxb3 14. cxb3 f5 15.
Nd4 Qe8 16. Qxe8 Rfxe8 17. Bxe7 Rxe7 18. f4 c5 19. Ndb5 Bc6 20. Kf2 Nd5 21.
Nxd5 Bxd5 22. Rh3 Rd7 23. Rhd3 g6 24. Nd6 Rb8 25. Rg3 Kf8 26. Rh1 Rg7 27. Ke2
h6 28. Kd2 Ke7 29. Kc3 Kd7 30. Nc4 b6 31. h5 g5 32. fxg5 Rxg5 33. Rxg5 hxg5 34.
h6 Rh8 35. Rh5 Bxc4 36. Kxc4 g4 37. Kb5 Kc7 38. h7 f4 39. Rh6 f3 40. gxf3 gxf3
41. Rxe6 Rxh7 42. Rc6+ Kd8 43. Rf6 Rh2 44. Rxf3 Rxb2 45. Kc4 Kd7 46. Rf6 Rc2+
47. Kd3 Rh2 48. Rxb6 Rh4 49. Rb5 Ke6 50. Rxa5 Kd5 51. Rb5 Rh3+ 52. Kc2 Kd4 53.
e6 Rh2+ 54. Kc1 Re2 55. Rb6 c4 56. Kd1 Re5 57. b4 Kc3 58. b5 Kb2 59. Rc6 c3 60.
b6 Rxe6 61. b7 Rd6+ 62. Rxd6 1-0

[Event "Festival A"]
[Site "Formia ITA"]
[Date "1994.07.17"]
[Round "2"]
[White "Foisor, Cristina-Adela"]
[Black "Godena, Michele"]
[Result "1-0"]
[WhiteElo "2405"]
[BlackElo "2485"]
[PlyCount "75"]
[EventDate "1994.07.16"]

1. c4 e5 2. g3 Nc6 3. Bg2 g6 4. Nc3 Bg7 5. Rb1 Nf6 6. b4 O-O 7. d3 Ne7 8. Qb3
Re8 9. Bb2 d6 10. Nf3 h6 11. O-O Be6 12. e4 Nh7 13. Nd5 c6 14. Nxe7+ Qxe7 15.
b5 c5 16. a4 Rf8 17. a5 Rae8 18. Bc1 Qd7 19. Nh4 Bh3 20. Qd1 Ng5 21. Bxg5 hxg5
22. Bxh3 Qxh3 23. Ng2 g4 24. a6 b6 25. f3 gxf3 26. Qxf3 Bh6 27. Rb2 Bg5 28.
Rbf2 Kg7 29. Ne1 f6 30. Nc2 Rf7 31. Qg2 Qh6 32. Re2 f5 33. exf5 gxf5 34. Rf3
Re6 35. Qf1 Ref6 36. Ne1 Qg6 37. Ng2 Qh6 38. h4 1-0

[Event "Festival A"]
[Site "Formia ITA"]
[Date "1994.07.17"]
[Round "2"]
[White "Gagliardi, Pietro"]
[Black "Vignato, Giovanni"]
[Result "1-0"]
[WhiteElo "2195"]
[BlackElo "1960"]
[PlyCount "57"]
[EventDate "1994.07.16"]

1. e4 c6 2. d4 d5 3. exd5 cxd5 4. c4 Nf6 5. Nc3 Nc6 6. cxd5 Nxd5 7. Bc4 e6 8.
Nf3 Be7 9. O-O O-O 10. a3 a6 11. Bd3 Nxc3 12. bxc3 b5 13. Qc2 g6 14. Be3 Bb7
15. a4 b4 16. c4 Bf6 17. Be4 Qc7 18. d5 Ne5 19. Rac1 Nxf3+ 20. Bxf3 exd5 21.
cxd5 Qxc2 22. Rxc2 Rac8 23. Rxc8 Rxc8 24. Rd1 Bd8 25. Bh6 g5 26. h4 gxh4 27.
Re1 Bf6 28. d6 Bxf3 29. d7 1-0

[Event "Festival A"]
[Site "Formia ITA"]
[Date "1994.07.17"]
[Round "2"]
[White "Grosar, Aljosa"]
[Black "Blancke, Stefan"]
[Result "1-0"]
[WhiteElo "2430"]
[BlackElo "2275"]
[PlyCount "96"]
[EventDate "1994.07.16"]

1. e4 Nf6 2. e5 Nd5 3. d4 d6 4. Nf3 Bg4 5. Be2 c6 6. c4 Nb6 7. Nbd2 dxe5 8.
Nxe5 Bxe2 9. Qxe2 N8d7 10. Nef3 e6 11. O-O Be7 12. b3 O-O 13. Bb2 Nf6 14. Rfd1
Qc7 15. Nf1 Rad8 16. Ng3 Nc8 17. Ne5 Nd6 18. h3 Rfe8 19. Bc3 Nf5 20. Ne4 Nxe4
21. Qxe4 Bf8 22. Rd3 f6 23. Nf3 Qf7 24. Re1 Qg6 25. Rd2 Rd7 26. Rde2 c5 27. d5
e5 28. g4 Nd6 29. Qe3 Nf5 30. Qd3 Nd4 31. Re4 Rdd8 32. Bxd4 exd4 33. Nh4 Qf7
34. Kf1 g6 35. f4 Bd6 36. f5 Rxe4 37. Rxe4 g5 38. Nf3 Bf4 39. Re6 Be3 40. Qe4
Rd7 41. Re8+ Kg7 42. d6 Bf4 43. Re7 Rxe7 44. dxe7 Qe8 45. Qe6 h5 46. Ke2 hxg4
47. hxg4 b5 48. Nd2 Qh8 1-0

[Event "Festival A"]
[Site "Formia ITA"]
[Date "1994.07.17"]
[Round "2"]
[White "Iashvili, Akaki"]
[Black "Alterman, Boris"]
[Result "1/2-1/2"]
[WhiteElo "2425"]
[BlackElo "2585"]
[PlyCount "81"]
[EventDate "1994.07.16"]

1. d4 Nf6 2. c4 e6 3. Nc3 Bb4 4. e3 b6 5. Nge2 Ba6 6. Ng3 c5 7. d5 O-O 8. e4 d6
9. Be2 exd5 10. exd5 Bxc3+ 11. bxc3 Nfd7 12. O-O Ne5 13. f4 Nxc4 14. f5 f6 15.
Bxc4 Bxc4 16. Rf4 b5 17. Rg4 Rf7 18. Bf4 Qe7 19. Qe1 Qxe1+ 20. Rxe1 Nd7 21.
Bxd6 Nb6 22. Rge4 h6 23. Re8+ Rxe8 24. Rxe8+ Kh7 25. Ne4 Na4 26. Nxc5 Nxc5 27.
Bxc5 Bxd5 28. a3 h5 29. Kf2 Rd7 30. g3 Bc4 31. Bd4 a5 32. Ra8 a4 33. h3 Re7 34.
Ra7 Rxa7 35. Bxa7 Kg8 36. Kf3 Bf1 37. h4 Kf7 38. Ke4 Be2 39. Bc5 Bg4 40. Bd6
Ke8 41. Bc5 1/2-1/2

[Event "Festival A"]
[Site "Formia ITA"]
[Date "1994.07.17"]
[Round "2"]
[White "Loncar, Robert"]
[Black "Siraco, Maurizio"]
[Result "1-0"]
[WhiteElo "2410"]
[BlackElo "2082"]
[PlyCount "33"]
[EventDate "1994.07.16"]

1. e4 e6 2. d4 d5 3. Nd2 c5 4. exd5 Qxd5 5. Ngf3 cxd4 6. Bc4 Qd6 7. Qe2 Nf6 8.
Nb3 Nc6 9. Bg5 Bd7 10. O-O-O Qc7 11. Nbxd4 Nxd4 12. Nxd4 Rc8 13. Bb5 Bxb5 14.
Qxb5+ Nd7 15. Rhe1 a6 16. Qa4 Qc4 17. Nxe6 1-0

[Event "Festival A"]
[Site "Formia ITA"]
[Date "1994.07.17"]
[Round "2"]
[White "Malaniuk, Vladimir P."]
[Black "Contin, Daniel"]
[Result "1-0"]
[WhiteElo "2610"]
[BlackElo "2425"]
[PlyCount "87"]
[EventDate "1994.07.16"]

1. d4 Nf6 2. Nf3 e6 3. c4 b6 4. e3 Bb7 5. Bd3 c5 6. O-O g6 7. Re1 d6 8. Nc3
Nbd7 9. Bf1 Bg7 10. Nb5 Ke7 11. d5 exd5 12. cxd5 a6 13. Nc3 Re8 14. e4 Kf8 15.
a4 Ne5 16. Nxe5 Rxe5 17. Bf4 Re8 18. h3 Nh5 19. Be3 Be5 20. Qd2 Qf6 21. Ne2 Qh8
22. Rab1 Bg7 23. f3 Bc8 24. b4 f5 25. bxc5 bxc5 26. exf5 Bxf5 27. Rb6 c4 28. g4
Ng3 29. gxf5 Nxe2+ 30. Rxe2 Rxe3 31. Rxe3 Bd4 32. Rxd6 Re8 33. Rde6 Rxe6 34.
fxe6 Qe5 35. Kf2 c3 36. Qxc3 Bxc3 37. Rxe5 Bxe5 38. Bxa6 Ke7 39. Ke3 Kd6 40.
Kd3 Bf6 41. Kc4 Bd8 42. Bb7 Kc7 43. Kb5 Be7 44. Bc6 1-0

[Event "Festival A"]
[Site "Formia ITA"]
[Date "1994.07.17"]
[Round "2"]
[White "Manca, Federico"]
[Black "Zelcic, Robert"]
[Result "1-0"]
[WhiteElo "2375"]
[BlackElo "2485"]
[PlyCount "121"]
[EventDate "1994.07.16"]

1. e4 Nf6 2. e5 Nd5 3. d4 d6 4. Nf3 Bg4 5. Be2 e6 6. O-O Be7 7. c4 Nb6 8. Nc3
O-O 9. Be3 a6 10. b3 d5 11. c5 Nc8 12. Ne1 Bxe2 13. Nxe2 Nc6 14. Nf4 Bg5 15.
Nh5 Bxe3 16. fxe3 Qg5 17. Rf4 Kh8 18. Qg4 Qxg4 19. Rxg4 N8e7 20. Rxg7 Nf5 21.
Rg4 Nxe3 22. Rf4 Rg8 23. Nf6 Rg5 24. Kf2 Nf5 25. Nf3 Rg7 26. g4 Nh6 27. h4 Nb4
28. Ke2 a5 29. a3 Nc6 30. Kd3 Ne7 31. h5 Rb8 32. Rc1 c6 33. Kc3 Neg8 34. Rg1
Rd8 35. Kb2 Rb8 36. b4 axb4 37. axb4 Ra8 38. Kb3 Nxf6 39. exf6 Rgg8 40. Ne5 Ra7
41. Rf2 Rga8 42. Rb2 Ra3+ 43. Kc2 Rh3 44. Kb1 Rha3 45. Rgg2 Ra1+ 46. Kc2 Rh1
47. b5 cxb5 48. Rxb5 Ra7 49. Kb2 Raa1 50. Kc2 Rhc1+ 51. Kd3 Ra3+ 52. Kd2 Rf1
53. Rb2 Ra7 54. g5 Nf5 55. c6 Rf4 56. Nxf7+ Kg8 57. Nh6+ Nxh6 58. gxh6+ Kf7 59.
cxb7 Rxd4+ 60. Kc2 Rc4+ 61. Kb1 1-0

[Event "Festival A"]
[Site "Formia ITA"]
[Date "1994.07.17"]
[Round "2"]
[White "Marinelli, Tullio"]
[Black "Belotti, Bruno"]
[Result "1-0"]
[WhiteElo "2375"]
[BlackElo "2455"]
[PlyCount "75"]
[EventDate "1994.07.16"]

1. d4 Nf6 2. c4 c5 3. d5 b5 4. Nf3 b4 5. Nbd2 g6 6. e4 Bg7 7. Bd3 d6 8. Qa4+
Nfd7 9. O-O O-O 10. Re1 a5 11. Nf1 Ne5 12. Nxe5 Bxe5 13. Re2 Bg4 14. f3 Bd7 15.
Qc2 e6 16. Be3 Qf6 17. Qd2 Bd4 18. Bxd4 Qxd4+ 19. Kh1 exd5 20. exd5 Bc8 21.
Rae1 Nd7 22. Re4 Qf6 23. f4 Nb6 24. Ng3 Bd7 25. f5 Rae8 26. Rf1 Bxf5 27. Nxf5
gxf5 28. Rg4+ Kh8 29. Rxf5 Qe7 30. Qh6 f6 31. h3 Rf7 32. Rh5 Rg8 33. Rgh4 Rgg7
34. Bg6 Qe1+ 35. Kh2 Nd7 36. Rg4 Re7 37. Qf4 Qe5 38. Rxe5 1-0

[Event "Festival A"]
[Site "Formia ITA"]
[Date "1994.07.17"]
[Round "2"]
[White "Martorelli, Antonio"]
[Black "Tribuiani, Renato"]
[Result "1-0"]
[WhiteElo "2245"]
[BlackElo "1996"]
[PlyCount "51"]
[EventDate "1994.07.16"]

1. e4 Nc6 2. Nf3 e6 3. d4 d5 4. Nc3 Nf6 5. e5 Ne4 6. Bd3 Bb4 7. O-O Nxc3 8.
bxc3 Bxc3 9. Rb1 h6 10. Ba3 a5 11. Rb3 Bb4 12. Bc1 a4 13. Rb1 Be7 14. c3 O-O
15. Bc2 f5 16. exf6 Rxf6 17. Ne5 Bd6 18. Re1 Qe7 19. Qd3 Rf5 20. Qh3 Nxe5 21.
Bxf5 Nc4 22. Bxe6+ Bxe6 23. Rxe6 Qf7 24. Bxh6 gxh6 25. Rxh6 Qg7 26. Qe6+ 1-0

[Event "Festival A"]
[Site "Formia ITA"]
[Date "1994.07.17"]
[Round "2"]
[White "Matkovic, Tonci"]
[Black "Scacco, Mauro"]
[Result "1-0"]
[WhiteElo "2255"]
[BlackElo "1998"]
[PlyCount "83"]
[EventDate "1994.07.16"]

1. e4 e5 2. Nf3 Nc6 3. Bb5 a6 4. Ba4 Nf6 5. O-O Be7 6. d3 d6 7. c3 b5 8. Bc2
Bb7 9. Nbd2 O-O 10. Re1 d5 11. Qe2 Bc5 12. exd5 Qxd5 13. Ne4 Nxe4 14. dxe4 Qd6
15. Nh4 Qf6 16. Nf3 h6 17. Be3 Qe7 18. Rad1 Rad8 19. Rd5 Bxe3 20. Qxe3 Rd7 21.
b4 Rfd8 22. Rc5 Re8 23. a4 bxa4 24. Bxa4 Rd6 25. Bxc6 Bxc6 26. Rxe5 Re6 27.
Rxe6 Qxe6 28. Nd4 Qc4 29. f3 Bd7 30. Ra1 f5 31. e5 c5 32. bxc5 Qxc5 33. f4 g5
34. fxg5 Rxe5 35. Qg3 f4 36. Qxf4 hxg5 37. Qd2 Bc6 38. Rxa6 Bb5 39. Ra5 Qb6 40.
c4 Re1+ 41. Qxe1 Qxd4+ 42. Kh1 1-0

[Event "Festival A"]
[Site "Formia ITA"]
[Date "1994.07.17"]
[Round "2"]
[White "Mola, Pietro"]
[Black "Imbrogno, Rinaldo"]
[Result "1/2-1/2"]
[WhiteElo "2175"]
[BlackElo "1902"]
[PlyCount "44"]
[EventDate "1994.07.16"]

1. e4 d6 2. d4 Nf6 3. Nc3 c6 4. g3 Nbd7 5. Bg2 e5 6. Nge2 Be7 7. a4 a5 8. h3
O-O 9. O-O Qc7 10. Be3 Re8 11. g4 Nf8 12. Ng3 Ng6 13. Qd2 Nd7 14. Nf5 Ndf8 15.
Nxe7+ Qxe7 16. dxe5 dxe5 17. Bg5 f6 18. Be3 Ne6 19. Ne2 Rd8 20. Qc3 Qb4 21.
Qxb4 axb4 22. b3 c5 1/2-1/2

[Event "Festival A"]
[Site "Formia ITA"]
[Date "1994.07.17"]
[Round "2"]
[White "Nannelli, Paolo"]
[Black "Serebrjanik, Alexander"]
[Result "0-1"]
[WhiteElo "1992"]
[BlackElo "2420"]
[PlyCount "58"]
[EventDate "1994.07.16"]

1. d4 Nf6 2. c4 c5 3. d5 e5 4. Nc3 d6 5. e4 Be7 6. Be2 O-O 7. Nf3 Ne8 8. h3 Na6
9. O-O Bd7 10. a3 g6 11. Bh6 Ng7 12. Rb1 Nc7 13. b4 b6 14. bxc5 bxc5 15. Rb7
Nce8 16. Nd2 Bc8 17. Rb2 Bg5 18. Bxg5 Qxg5 19. Kh1 Qd8 20. Qa4 f5 21. Rfb1 Bd7
22. Qd1 Nf6 23. Bf1 g5 24. Nb5 Bc8 25. exf5 Bxf5 26. f3 h5 27. Ne4 Bxe4 28.
fxe4 Nxe4 29. Qe1 Rxf1+ 0-1

[Event "Festival A"]
[Site "Formia ITA"]
[Date "1994.07.17"]
[Round "2"]
[White "Naumkin, Igor"]
[Black "Tan, Chengxuan"]
[Result "1-0"]
[WhiteElo "2475"]
[BlackElo "2380"]
[PlyCount "51"]
[EventDate "1994.07.16"]

1. d4 d5 2. c4 c6 3. Nc3 Nf6 4. cxd5 cxd5 5. Nf3 Nc6 6. Bf4 Bf5 7. e3 e6 8. Bb5
Nd7 9. Qa4 Qb6 10. Nh4 Be4 11. O-O-O Be7 12. f3 Bg6 13. Nxg6 hxg6 14. e4 dxe4
15. d5 exd5 16. Nxd5 Qc5+ 17. Kb1 Nb6 18. Qxe4 Nxd5 19. Rxd5 Qb4 20. Bxc6+ bxc6
21. Rd4 Qb7 22. Rhd1 Rh5 23. Be5 a5 24. Bxg7 Rxh2 25. Bf6 Rxg2 26. Rd7 1-0

[Event "Festival A"]
[Site "Formia ITA"]
[Date "1994.07.17"]
[Round "2"]
[White "Nurkic, Sahbaz"]
[Black "Isonzo, David"]
[Result "1-0"]
[WhiteElo "2415"]
[BlackElo "2124"]
[PlyCount "95"]
[EventDate "1994.07.16"]

1. e4 c5 2. Nf3 d6 3. Bb5+ Bd7 4. a4 Nc6 5. O-O e6 6. Re1 Nf6 7. c3 Be7 8. d4
cxd4 9. cxd4 d5 10. e5 Ne4 11. Nc3 Nxc3 12. bxc3 Na5 13. Bd3 Rc8 14. Bd2 Nc4
15. Bc1 Na5 16. Qc2 Qc7 17. Bd2 Nc4 18. Bc1 Na5 19. Qb1 Qb6 20. Bb2 Nc4 21. Re2
h6 22. a5 Qb3 23. Bxc4 Qxc4 24. Re3 Qb5 25. Qc1 Bd8 26. a6 bxa6 27. Ba3 Rb8 28.
h3 a5 29. Qe1 a4 30. Nd2 Qc6 31. Rg3 g6 32. Qe3 Bc8 33. Qf4 Ba6 34. h4 Rb7 35.
Rc1 Bc4 36. Re1 Be7 37. Bxe7 Rxe7 38. Qf6 Rh7 39. h5 g5 40. f4 gxf4 41. Rg8+
Kd7 42. Nxc4 Qxc4 43. Rb1 Qc7 44. Rgb8 Kc6 45. c4 a3 46. cxd5+ Kxd5 47. R8b5+
Ke4 48. Rf1 1-0

[Event "Festival A"]
[Site "Formia ITA"]
[Date "1994.07.17"]
[Round "2"]
[White "Ortega, Lexy"]
[Black "Borgo, Giulio"]
[Result "1-0"]
[WhiteElo "2450"]
[BlackElo "2320"]
[PlyCount "49"]
[EventDate "1994.07.16"]

1. d4 Nf6 2. Nf3 c5 3. e3 d5 4. c4 cxd4 5. exd4 Nc6 6. Nc3 e6 7. cxd5 Nxd5 8.
Bd3 Be7 9. O-O O-O 10. Re1 Ncb4 11. Bb1 Nf6 12. a3 Nbd5 13. Ne5 Bd7 14. Qd3 g6
15. Qh3 Rc8 16. Ba2 Rc7 17. Bh6 Re8 18. Rad1 Qc8 19. Rd3 Bf8 20. Bg5 Bg7 21.
Qh4 Nxc3 22. bxc3 Rxc3 23. Bxf6 Rc1 24. Rde3 Qc3 25. Nf3 1-0

[Event "Festival A"]
[Site "Formia ITA"]
[Date "1994.07.17"]
[Round "2"]
[White "Picardi, Angelo"]
[Black "Ragozin, Evgeni"]
[Result "0-1"]
[WhiteElo "2123"]
[BlackElo "2510"]
[PlyCount "57"]
[EventDate "1994.07.16"]

1. e4 c5 2. Nc3 Nc6 3. f4 g6 4. Nf3 Bg7 5. Bc4 e6 6. f5 Nge7 7. fxe6 dxe6 8.
O-O O-O 9. d3 Na5 10. Bb3 b6 11. Be3 Ba6 12. Rf2 c4 13. dxc4 Nxc4 14. Bxc4
Qxd1+ 15. Rxd1 Bxc4 16. Bd4 f6 17. e5 fxe5 18. Nxe5 Rxf2 19. Kxf2 Nf5 20. Nxc4
Bxd4+ 21. Ke2 Bxc3 22. bxc3 Rc8 23. Ne5 Rxc3 24. Rd8+ Kg7 25. Kd2 Rc7 26. g4
Ne7 27. g5 h6 28. gxh6+ Kxh6 29. Rd6 0-1

[Event "Festival A"]
[Site "Formia ITA"]
[Date "1994.07.17"]
[Round "2"]
[White "Robovic, Saudin"]
[Black "Palac, Mladen"]
[Result "1/2-1/2"]
[WhiteElo "2415"]
[BlackElo "2495"]
[PlyCount "51"]
[EventDate "1994.07.16"]

1. e4 c5 2. Nf3 Nc6 3. Bb5 e6 4. O-O Nge7 5. Re1 a6 6. Bf1 d5 7. exd5 Qxd5 8.
Nc3 Qd8 9. Ne4 Nf5 10. c3 b6 11. Ng3 Nxg3 12. hxg3 Be7 13. d3 O-O 14. Be3 Bf6
15. Qa4 Bd7 16. Qc2 e5 17. Rad1 Bf5 18. Nd2 Qd7 19. Ne4 Bd8 20. f3 Be6 21. g4
f6 22. a3 Qf7 23. Nd6 Qd7 24. Ne4 Qf7 25. Nd6 Qd7 26. Ne4 1/2-1/2

[Event "Festival A"]
[Site "Formia ITA"]
[Date "1994.07.17"]
[Round "2"]
[White "Schmidt-Wilke, Jens"]
[Black "Pagnoncelli, Marco"]
[Result "0-1"]
[WhiteElo "2085"]
[BlackElo "1900"]
[PlyCount "126"]
[EventDate "1994.07.16"]

1. e4 c5 2. Nf3 d6 3. d4 cxd4 4. Nxd4 Nf6 5. Nc3 g6 6. Be3 Bg7 7. f3 O-O 8. Bc4
Nc6 9. Bb3 Bd7 10. Qd2 Qa5 11. O-O-O Rfc8 12. g4 Ne5 13. h4 b5 14. Bg5 Nc4 15.
Qe1 e6 16. Bxc4 bxc4 17. Bxf6 Bxf6 18. Nd5 Qxe1 19. Nxf6+ Kg7 20. Rhxe1 Kxf6
21. f4 Ke7 22. f5 Rc5 23. Nf3 Rb8 24. f6+ Kxf6 25. e5+ Kg7 26. Rxd6 Bc6 27. Nd4
Bd5 28. c3 Rc7 29. Re2 Rbb7 30. Rf2 Rc5 31. a3 Kg8 32. Rd8+ Kg7 33. h5 Be4 34.
Re2 Rxe5 35. Nc6 Rc5 36. Rxe4 Rxc6 37. hxg6 hxg6 38. Rdd4 Rbc7 39. g5 Rc5 40.
Rg4 Kf8 41. Kc2 Ke7 42. Rdf4 Kd8 43. Rf6 Rf5 44. Rxf5 gxf5 45. Rf4 Ke7 46. a4
Kd6 47. Rh4 e5 48. Rh6+ Ke7 49. Rf6 f4 50. Rf5 Ke6 51. Rf6+ Kd5 52. Rh6 Re7 53.
Rh7 Ke6 54. Rh6+ Kf5 55. Rc6 Kxg5 56. Rxc4 e4 57. Kd2 Kg4 58. Ke2 e3 59. Rc8
f3+ 60. Ke1 e2 61. Rg8+ Kf4 62. Rg1 Ke3 63. Rg6 f2# 0-1

[Event "Festival A"]
[Site "Formia ITA"]
[Date "1994.07.17"]
[Round "2"]
[White "Sedina, Elena"]
[Black "Della Ragione, Achille"]
[Result "1-0"]
[WhiteElo "2335"]
[BlackElo "2040"]
[PlyCount "83"]
[EventDate "1994.07.16"]

1. e4 d5 2. exd5 Nf6 3. d4 Nxd5 4. c4 Nb6 5. Nc3 e5 6. d5 Bc5 7. Nf3 O-O 8. Be2
Re8 9. O-O Bg4 10. b3 N8d7 11. a3 a5 12. Ng5 Bxe2 13. Qxe2 h6 14. Nge4 Bd4 15.
Bd2 f5 16. Ng3 g6 17. Rac1 Kh7 18. Rfd1 Nc5 19. Rb1 a4 20. b4 Nb3 21. Be1 Qd7
22. h4 h5 23. Nf1 c6 24. d6 Qf7 25. c5 Nd5 26. Nxd5 Qxd5 27. Nd2 Nxd2 28. Bxd2
Qa2 29. Qd3 f4 30. Qf3 Rab8 31. b5 cxb5 32. Rxb5 Qf7 33. Rdb1 e4 34. Qxf4 Qxf4
35. Bxf4 Rf8 36. Rxb7+ Rxb7 37. Rxb7+ Kg8 38. Be3 Be5 39. d7 Bb2 40. Rxb2 Kf7
41. c6 Ke6 42. Bg5 1-0

[Event "Festival A"]
[Site "Formia ITA"]
[Date "1994.07.18"]
[Round "3"]
[White "Alterman, Boris"]
[Black "Marinelli, Tullio"]
[Result "1-0"]
[WhiteElo "2585"]
[BlackElo "2375"]
[PlyCount "69"]
[EventDate "1994.07.16"]

1. d4 Nf6 2. c4 e6 3. Nc3 Bb4 4. Qc2 O-O 5. a3 Bxc3+ 6. Qxc3 b6 7. Bg5 Bb7 8.
f3 d5 9. e3 Nbd7 10. cxd5 exd5 11. Bd3 Re8 12. Ne2 h6 13. Bh4 Rxe3 14. Bxf6
Qxf6 15. Bh7+ Kxh7 16. Qxe3 Ba6 17. Rd1 c5 18. Kf2 Qc6 19. Nc3 Nf6 20. Rhe1 Bc8
21. dxc5 Be6 22. cxb6 axb6 23. Ne2 Re8 24. Rc1 Qb7 25. Nd4 Bd7 26. Qf4 Rxe1 27.
Rxe1 Qc8 28. Rc1 Qa6 29. h3 Qa4 30. Qe3 Qa6 31. Rc3 Kg8 32. Ne2 Ba4 33. Nf4 Qb5
34. Rc8+ Kh7 35. Qd3+ 1-0

[Event "Festival A"]
[Site "Formia ITA"]
[Date "1994.07.18"]
[Round "3"]
[White "Belotti, Bruno"]
[Black "Kharkova, Elena"]
[Result "1-0"]
[WhiteElo "2455"]
[BlackElo "2205"]
[PlyCount "77"]
[EventDate "1994.07.16"]

1. e4 e6 2. d4 d5 3. Nc3 Nf6 4. Bg5 Bb4 5. exd5 Qxd5 6. Bxf6 Bxc3+ 7. bxc3 gxf6
8. Qd2 Bd7 9. c4 Qe4+ 10. Ne2 Rg8 11. f3 Qf5 12. Nf4 Nc6 13. O-O-O e5 14. Nd5
O-O-O 15. Ne3 Qf4 16. d5 Nb8 17. c5 Qa4 18. Qc3 f5 19. Kb1 Na6 20. Bxa6 Qxa6
21. g3 f4 22. gxf4 exf4 23. Nc4 Qb5+ 24. Nb2 Bf5 25. Rd4 Rg2 26. Rc1 Bg6 27. a4
Qe2 28. Nc4 Rg5 29. Rcd1 Qxh2 30. R1d2 Qh1+ 31. Kb2 Rg1 32. Na3 Ra1 33. Kb3 Qc1
34. Qb2 Qxb2+ 35. Kxb2 Rf1 36. Rxf4 Re8 37. Nb5 a6 38. Nc3 Re3 39. d6 1-0